Happier by degrees : a college reentry guide for women /

Bibliographic Details
Main Author: Mendelsohn, Pam, 1944-
Format: Book
Language:English
Published: New York : Dutton, [1980]
Edition:1st ed.
Subjects:

MARC

Tag First Indicator Second Indicator Subfields
LEADER 00000pam a2200000 i 4500
001 in00000665356
005 20151015080259.0
008 790809s1980 nyuk b 00110 eng
010 |a  79019380  
020 |a 0525930728 :  |c $13.95 
020 |a 052593085X 
035 |a (OCoLC)05333950 
035 |9 ACX6158AM 
040 |a DLC  |c DLC  |d TXA  |d UtOrBLW 
043 |a n-us--- 
049 |a TXAM  |c 1 [981667], 2 [1497942] 
050 0 0 |a LC1756  |b .M34 1980 
082 0 |a 378.73 
100 1 |a Mendelsohn, Pam,  |d 1944- 
245 1 0 |a Happier by degrees :  |b a college reentry guide for women /  |c Pam Mendelsohn. 
250 |a 1st ed. 
264 1 |a New York :  |b Dutton,  |c [1980] 
264 4 |c ©1980 
300 |a xviii, 302 pages :  |b forms ;  |c 22 cm. 
336 |a text  |b txt  |2 rdacontent 
337 |a unmediated  |b n  |2 rdamedia 
338 |a volume  |b nc  |2 rdacarrier 
500 |a Includes index. 
504 |a Bibliography: pages 286-298. 
650 0 |a Women  |x Education (Higher)  |z United States. 
650 0 |a Continuing education  |z United States. 
650 0 |a Study skills  |v Handbooks, manuals, etc. 
999 |a MARS 
999 f f |s eb50d4bd-a58b-3e10-baed-6fa2d35df609  |i 417cb81f-5cb6-3d7f-85dd-c715a1ca8ebc  |t 0 
952 f f |p normal  |a Texas A&M University  |b College Station  |c Sterling C. Evans Library  |d Evans: Library Stacks  |t 0  |e LC1756 .M34 1980  |h Library of Congress classification  |i unmediated -- volume  |m A14803319031 
998 f f |a LC1756 .M34 1980  |t 0  |l Evans: Library Stacks